000 01139nam a2200337 i 4500
003 EG-GICUC
005 20260420103738.0
008 260420s1959 fr adaafr|||| 00| 0 fre d
040 _aEG-GiCUC
_bfre
_cEG-GiCUC
_dEG-GiCUC
_eRda
041 _afre
082 0 4 _221
_a341.77
_bAN . I
092 0 4 _221
099 _aLaw1 10 341.77 AN . I 1959
100 1 _a Ancel, Marc
_eAuteur
245 1 0 _aIntroduction AU Droit Criminel De L'angleterre /
_c Marc Ancel Et L. Radzinowicz.
264 1 _a Paris :
_b Les Editions De L'epargne,
_c 1959.
300 _a306page ;
_c 24 cm.
336 _2rda contenu
_a texte
337 _2rda medias
_aOrdinateur
338 _2 transporteur rda
_a Ressource en ligne
546 0 _aTexte en français
650 1 _aDroit pénal
_2qrmak
651 1 _2qrmak
700 1 _aRadzinowicz, L
_eCo-Auteur
710 _aInstitut De Droit Comparé De L'université De Paris.
710 _a Centre Français De Droit Comparé.
710 _a Centre National De La Recherche Scientifique.
856 4 0 _uhttps://fll.law.cu.edu.eg/fulltext/bks/B10-10601.pdf
905 _a167
942 _2ddc
_cBK
_e21
_n0
999 _c72077
_d72077